Pupurup / (Record no. 29705)

MARC details
000 -LEADER
fixed length control field 00654 a2200229 4500
001 - CONTROL NUMBER
control field sjds
003 - CONTROL NUMBER IDENTIFIER
control field sjds
005 - DATE AND TIME OF LATEST TRANSACTION
control field 20240604162009.0
008 - FIXED-LENGTH DATA ELEMENTS--GENERAL INFORMATION
fixed length control field 240604b |||||||| |||| 00| 0 spa d
020 ## - INTERNATIONAL STANDARD BOOK NUMBER
International Standard Book Number 9780395630778
020 ## - INTERNATIONAL STANDARD BOOK NUMBER
International Standard Book Number 0395630770
040 ## - CATALOGING SOURCE
Transcribing agency sjds
041 ## - LANGUAGE CODE
Language code of text/sound track or separate title spa
100 ## - MAIN ENTRY--PERSONAL NAME
Personal name Ulibarri, Sabine R.
245 ## - TITLE STATEMENT
Title Pupurup /
Statement of responsibility, etc. Sabine R. Ulibarr,̕ Ivar da Coll
260 ## - PUBLICATION, DISTRIBUTION, ETC. (IMPRINT)
Place of publication, distribution, etc. Boston :
Name of publisher, distributor, etc. Houghton Mifflin,
Date of publication, distribution, etc. 1993
300 ## - PHYSICAL DESCRIPTION
Extent 32 pages :
Other physical details color illustrations ;
Dimensions 22 x 28 cm
440 ## - SERIES STATEMENT/ADDED ENTRY--TITLE
Title Celebremos la literatura
500 ## - GENERAL NOTE
General note "Houghton Mifflin programa de lectura"--In logo on cover
700 1# - ADDED ENTRY--PERSONAL NAME
Personal name Coll, Ivar da
Relator term author
942 ## - ADDED ENTRY ELEMENTS (KOHA)
Koha item type Libro/Book
Holdings
Withdrawn status Lost status Damaged status Not for loan Home library Current library Date acquired Total Checkouts Full call number Barcode Checked out Date last seen Date checked out Price effective from Koha item type Inventory number
        San Juan Del Sur -- Mobile Las marias 04/06/2024 2 JI 33005088 05/05/2026 31/03/2026 31/03/2026 04/06/2024 Libro/Book Inventory date: 1-2-25
        San Juan Del Sur -- Mobile Las parcelas 04/06/2024 1 JI 33005079 14/08/2024 10/07/2024 10/07/2024 04/06/2024 Libro/Book  
        San Juan Del Sur -- Mobile Miravalle 04/06/2024 3 JI 33005073 12/11/2024 08/10/2024 08/10/2024 04/06/2024 Libro/Book  
        San Juan Del Sur -- Mobile Sapoa 30/04/2024 1 JI 33014958 20/06/2024 16/05/2024 16/05/2024 30/04/2024 Libro/Book  

Powered by Koha